Statistics for Countries That Speak Germanic Languages

Click here to take the quiz!

General Stats

  • This quiz has been taken 291 times
  • The average score is 53 of 66

Answer Stats

LanguageCountry% Correct
DutchNetherlands
100%
GermanAustria
99%
GermanLuxembourg
99%
LuxembourgishLuxembourg
99%
NorwegianNorway
99%
SwedishSweden
99%
DutchBelgium
98%
DanishDenmark
98%
GermanGermany
98%
IcelandicIceland
98%
EnglishCanada
97%
English, AfrikaansSouth Africa
97%
GermanSwitzerland
97%
EnglishUnited Kingdom
97%
EnglishUnited States
97%
EnglishAustralia
94%
EnglishIreland
94%
EnglishNew Zealand
94%
SwedishFinland
93%
GermanLiechtenstein
93%
EnglishJamaica
85%
EnglishBarbados
84%
EnglishIndia
84%
EnglishNigeria
82%
EnglishAntigua and Barbuda
81%
EnglishBelize
81%
EnglishBahamas
80%
EnglishFiji
80%
EnglishGrenada
80%
EnglishSaint Kitts and Nevis
80%
DutchSuriname
80%
EnglishTrinidad and Tobago
80%
EnglishGuyana
79%
EnglishKenya
79%
EnglishSaint Vincent and the Grenadines
79%
EnglishNamibia
78%
EnglishSaint Lucia
78%
EnglishGhana
77%
EnglishZambia
77%
EnglishZimbabwe
77%
EnglishBotswana
76%
EnglishTanzania
76%
EnglishMicronesia
75%
EnglishPalau
75%
EnglishSingapore
75%
EnglishMarshall Islands
74%
EnglishDominica
73%
EnglishSamoa
73%
EnglishKiribati
72%
EnglishLesotho
72%
EnglishSolomon Islands
72%
EnglishUganda
72%
EnglishPakistan
70%
EnglishEswatini
68%
EnglishRwanda
68%
EnglishMalta
67%
EnglishSouth Sudan
67%
EnglishSudan
67%
EnglishPapua New Guinea
65%
EnglishLiberia
64%
EnglishMauritius
63%
EnglishSeychelles
63%
EnglishSierra Leone
61%
EnglishCameroon
60%
EnglishPhilippines
60%
EnglishSri Lanka
57%

Score Distribution

Percentile by Number Answered

Percent of People with Each Score

Your Score History

You have not taken this quiz